000 00206nam a22000977a 4500
999 _c264066
_d264065
020 _a9780670445806
100 _aLudwig bemelmans
245 _amadeline
260 _aU.S.A
_bVIKING PRESS
_c1939
942 _cBK